1446 1503 1492 1192 1626 1616 1756 1602 1253 1624 1362 1026 1975 1641 1577 1563 1160 1751 1707 1245 1520 1022 1857 1762 1569 1633 1815 1872 1111 1659 1060 1712 1288 1873 1405 1328 1979 1200 1975 1946 1348 1475 1237 1952 1861 1036 1832 1142 1211 1114 1132 1543 1793 1948 1705 1310 1470 1216 1132 1055 1779 1915 1841 1730 1070 1670 1286 1315 1956 1846 1155 1714 1942 1332 1097 1067 1480 1486 1038 1374 1059 1312 1255 1425 1891 1872 1428 1671 1514 1444 1391 1487 1494 1192 1187 1642 1609 1594 1582 BCNSPRNW ULIB Ver.6.0+V

เปลี่ยนเป็นภาษาไทย

Change to English
 แสดงรายละเอียดบรรณานุกรม
  กลับหน้าหลัก

Brief Record : Get Marc (ISO 2709) : E-mail record : QR code < ปิดหน้าต่าง
LEADER : 00000nam 2200000uu 4500
001    13399121529
003     ULIB
008    121122s2546||||th 000 0 tha d
020    ^a9744220031
060 04 ^aWX167^bน577ก
245 00 ^aคู่มือการป้องกันการติดเชื้อและควบคุมการแพร่กระจายเชื้อในสถานบริการสาธารณสุขสำหรับพยาบาล Isolation precautions /^cบรรณาธิการ, นิตยาจาร กิตติเดชา, ส่งศรี กิตติรักษ์ตระกูล,ดารณี จามจุรี
246 14 ^aการป้องกันการติดเชื้อและควบคุมการแพร่กระจายเชื้อในสถานบริการสาธารณสุขสำหรับพยาบาล
246 31 ^aIsolation precautinos
260    ^a[นนทบุรี] :^bสำนักการพยาบาล กรมการแพทย์ กระทรวงสาธารณสุข,^c2546
300    ^a133 หน้า :^bภาพประกอบ ;^c26 ซม.
500    ^aชื่อเรื่องบนปก :การป้องกันการติดเชื้อและควบคุมการแพร่กระจายเชื้อในสถานบริการสาธารณสุขสำหรับพยาบาล
650  7 ^aการติดเชื้อในโรงพยาบาล^xการป้องกันและควบคุม
700 0  ^aนิตยาจาร กิตติเดชา,^eบรรณาธิการ
700 0  ^aส่งศรี กิตติรักษ์ตระกูล,^eบรรณาธิการ
700 0  ^aดารณี จามจุรี,^eบรรณาธิการ
710 2  ^aกระทรวงสาธารณสุข. ^bกรมการแพทย์. ^bสำนักการพยาบาล
945    ^p0^l0^i13663
945    ^p0^l0^i13662
995    ^aวิภา
999 ^a ใช้งานได้ทุกระบบ
รายการนี้ยังไม่มีแท็ก
คุณยังไม่ได้ล็อกอิน คุณสามารถมีกิจกรรมร่วมกับเว็บไซต์ได้ แต่ต้องล็อกอินก่อน ::
  ล็อกอิน

รายการสื่อสารสนเทศ

ลำดับที่ ประเภท เลขเรียก/บาร์โค้ด สถานที่ สถานะ
1. วิทยาศาสตร์การแพทย์ และสุขภาพ
วิทยาศาสตร์การแพทย์ และสุขภาพ
WX167 น577ก ฉ.2 
  Barcode: 13662
ห้องสมุดวิทยาเขตสวรรค์ประชารักษ์
►หนังสือทั่วไป
บนชั้น
2. วิทยาศาสตร์การแพทย์ และสุขภาพ
วิทยาศาสตร์การแพทย์ และสุขภาพ
WX167 น577ก ฉ.3 
  Barcode: 13663
ห้องสมุดวิทยาเขตสวรรค์ประชารักษ์
►หนังสือทั่วไป
บนชั้น

BibComment


ยังไม่เคยถูกคอมเมนท์

คอมเมนท์ทรัพยากรรายการนี้
  คอมเมนท์: คู่มือการป้องกัน..


 Copyright 2026. Bcnsprnw @Library